[Event "EYCC 2024 - G16"]
[Site "?"]
[Date "2024.08.31"]
[Round "9.1"]
[White "Tirpan, Ceren"]
[Black "Shvedova, Alexandra"]
[Result "0-1"]
[BlackElo "2219"]
[WhiteElo "1926"]
[LiveChessVersion "1.4.8"]

1. c4 {[%clk 1:30:57]} Nf6 {[%clk 1:30:53]} 2. Nc3 {[%clk 1:31:23]} e5
{[%clk 1:31:17]} 3. g3 {[%clk 1:31:47]} d5 {[%clk 1:31:42]} 4. cxd5
{[%clk 1:32:13]} Nxd5 {[%clk 1:32:08]} 5. Bg2 {[%clk 1:32:39]} Nb6
{[%clk 1:32:32]} 6. Nf3 {[%clk 1:33:03]} Nc6 {[%clk 1:32:57]} 7. O-O
{[%clk 1:33:27]} Be7 {[%clk 1:33:10]} 8. b3 {[%clk 1:30:51]} O-O {[%clk 1:33:19]}
9. Bb2 {[%clk 1:31:16]} Be6 {[%clk 1:32:23]} 10. Rc1 {[%clk 1:29:04]} f6
{[%clk 1:32:08]} 11. Ne4 {[%clk 1:24:19]} a5 {[%clk 1:20:39]} 12. Nc5
{[%clk 1:14:12]} Bxc5 {[%clk 1:14:02]} 13. Rxc5 {[%clk 1:14:34]} a4
{[%clk 1:13:28]} 14. d4 {[%clk 1:06:46]} e4 {[%clk 1:08:59]} 15. Nd2
{[%clk 0:55:58]} f5 {[%clk 1:04:51]} 16. Nc4 {[%clk 0:44:57]} axb3
{[%clk 0:50:41]} 17. axb3 {[%clk 0:45:14]} Nd5 {[%clk 0:46:05]} 18. Ne5
{[%clk 0:30:34]} Na5 {[%clk 0:37:10]} 19. Ba3 {[%clk 0:24:00]} Ne7
{[%clk 0:28:55]} 20. Rc3 {[%clk 0:22:26]} Re8 {[%clk 0:28:20]} 21. e3
{[%clk 0:18:53]} Nac6 {[%clk 0:25:59]} 22. Nxc6 {[%clk 0:17:29]} Nxc6
{[%clk 0:26:22]} 23. Qc1 {[%clk 0:17:28]} Na7 {[%clk 0:23:37]} 24. Bb2
{[%clk 0:15:17]} Nb5 {[%clk 0:22:36]} 25. Rc5 {[%clk 0:15:39]} c6
{[%clk 0:22:28]} 26. f3 {[%clk 0:15:50]} Nd6 {[%clk 0:22:02]} 27. fxe4
{[%clk 0:13:53]} Nxe4 {[%clk 0:22:05]} 28. Re5 {[%clk 0:13:48]} Nf6
{[%clk 0:20:38]} 29. Qc3 {[%clk 0:12:02]} Qd7 {[%clk 0:19:19]} 30. b4
{[%clk 0:10:27]} Ng4 {[%clk 0:17:35]} 31. Rc5 {[%clk 0:07:17]} Bd5
{[%clk 0:17:52]} 32. Bxd5+ {[%clk 0:05:02]} cxd5 {[%clk 0:18:18]} 33. Rc7
{[%clk 0:05:24]} Qe6 {[%clk 0:18:18]} 34. Re1 {[%clk 0:03:46]} Rac8
{[%clk 0:15:17]} 35. Rxc8 {[%clk 0:00:57]} Rxc8 {[%clk 0:15:44]} 36. Qd3
{[%clk 0:01:20]} Rf8 {[%clk 0:13:28]} 37. Bc3 {[%clk 0:01:24]} Qh6
{[%clk 0:11:54]} 38. Re2 {[%clk 0:00:51]} Qh5 {[%clk 0:11:52]} 39. Qb5
{[%clk 0:00:45]} Qf7 {[%clk 0:11:56]} 40. Be1 {[%clk 0:00:57]} h6
{[%clk 0:09:17]} 41. Qb6 {[%clk 0:01:00]} Re8 {[%clk 0:09:16]} 42. Bd2
{[%clk 0:01:01]} Kh8 {[%clk 0:07:58]} 43. Qd6 {[%clk 0:01:07]} Kh7
{[%clk 0:06:09]} 44. b5 {[%clk 0:01:14]} Nf6 {[%clk 0:05:28]} 45. Be1
{[%clk 0:00:56]} Qh5 {[%clk 0:05:10]} 0-1

[Event "EYCC 2024 - G16"]
[Site "?"]
[Date "2024.08.31"]
[Round "9.2"]
[White "Szczotka, Klara"]
[Black "Gkoutzouki, Aikaterini Argyro"]
[Result "1/2-1/2"]
[BlackElo "1986"]
[WhiteElo "2053"]
[LiveChessVersion "1.4.8"]

1. d4 {[%clk 1:30:59]} d5 {[%clk 1:30:54]} 2. c4 {[%clk 1:31:27]} e6
{[%clk 1:31:22]} 3. Nc3 {[%clk 1:31:53]} Be7 {[%clk 1:31:47]} 4. Nf3
{[%clk 1:32:19]} Nf6 {[%clk 1:32:09]} 5. Bf4 {[%clk 1:32:43]} O-O
{[%clk 1:30:43]} 6. e3 {[%clk 1:33:09]} c5 {[%clk 1:20:48]} 7. dxc5
{[%clk 1:32:14]} Bxc5 {[%clk 1:19:21]} 8. a3 {[%clk 1:32:38]} a6 {[%clk 1:12:58]}
9. b4 {[%clk 1:30:45]} Be7 {[%clk 1:12:11]} 10. cxd5 {[%clk 1:14:02]} exd5
{[%clk 1:08:36]} 11. Be2 {[%clk 1:13:03]} Be6 {[%clk 1:04:10]} 12. O-O
{[%clk 1:11:26]} Nbd7 {[%clk 0:58:31]} 13. Nd4 {[%clk 1:08:51]} Rc8
{[%clk 0:57:52]} 14. Qb3 {[%clk 1:07:40]} Nb6 {[%clk 0:50:50]} 15. Rfd1
{[%clk 1:06:09]} Bd6 {[%clk 0:47:33]} 16. Bxd6 {[%clk 1:01:29]} Qxd6
{[%clk 0:47:59]} 17. Rac1 {[%clk 0:59:19]} Qe5 {[%clk 0:43:14]} 18. Nf3
{[%clk 0:43:27]} Qb8 {[%clk 0:42:43]} 19. Qb1 {[%clk 0:38:19]} Nc4
{[%clk 0:37:42]} 20. a4 {[%clk 0:38:00]} Rc7 {[%clk 0:34:39]} 21. e4
{[%clk 0:24:01]} dxe4 {[%clk 0:22:40]} 22. Nxe4 {[%clk 0:24:17]} Nxe4
{[%clk 0:22:31]} 23. Qxe4 {[%clk 0:24:42]} Nd6 {[%clk 0:22:32]} 24. Qf4
{[%clk 0:21:15]} Rxc1 {[%clk 0:20:59]} 25. Rxc1 {[%clk 0:21:36]} Nf5
{[%clk 0:21:02]} 26. Qxb8 {[%clk 0:19:07]} Rxb8 {[%clk 0:21:22]} 1/2-1/2

[Event "EYCC 2024 - G16"]
[Site "?"]
[Date "2024.08.31"]
[Round "9.3"]
[White "Moskalets, Sofiia"]
[Black "Yildiz, Elif Zeren"]
[Result "1/2-1/2"]
[BlackElo "1934"]
[WhiteElo "2119"]
[LiveChessVersion "1.4.8"]

1. d4 {[%clk 1:30:57]} Nf6 {[%clk 1:30:38]} 2. Nc3 {[%clk 1:31:20]} d5
{[%clk 1:31:03]} 3. Bg5 {[%clk 1:31:10]} e6 {[%clk 1:26:45]} 4. e4
{[%clk 1:31:33]} dxe4 {[%clk 1:26:11]} 5. Nxe4 {[%clk 1:31:57]} Nbd7
{[%clk 1:24:58]} 6. Bd3 {[%clk 1:31:11]} Be7 {[%clk 1:23:49]} 7. Bxf6
{[%clk 1:31:15]} Nxf6 {[%clk 1:22:35]} 8. Nf3 {[%clk 1:31:03]} O-O
{[%clk 1:20:48]} 9. Qe2 {[%clk 1:28:33]} Nxe4 {[%clk 1:10:22]} 10. Qxe4
{[%clk 1:28:35]} f5 {[%clk 1:10:48]} 11. Qe2 {[%clk 1:23:31]} Bf6
{[%clk 1:05:07]} 12. O-O-O {[%clk 1:20:44]} Qd6 {[%clk 1:01:17]} 13. Bc4
{[%clk 1:11:49]} Bd7 {[%clk 0:57:54]} 14. Rhe1 {[%clk 1:07:18]} Rae8
{[%clk 0:57:27]} 15. Ne5 {[%clk 0:59:07]} Bxe5 {[%clk 0:53:48]} 16. Qxe5
{[%clk 0:56:04]} Qxe5 {[%clk 0:47:19]} 17. Rxe5 {[%clk 0:56:21]} Rf6
{[%clk 0:46:01]} 18. f4 {[%clk 0:50:30]} c6 {[%clk 0:46:12]} 19. a4
{[%clk 0:48:00]} Kf7 {[%clk 0:43:07]} 20. Rd3 {[%clk 0:45:51]} Rd8
{[%clk 0:41:20]} 21. Rde3 {[%clk 0:41:17]} Bc8 {[%clk 0:40:55]} 22. c3
{[%clk 0:41:09]} Rd6 {[%clk 0:38:42]} 23. b4 {[%clk 0:39:49]} b6 {[%clk 0:35:43]}
24. Kc2 {[%clk 0:38:50]} Bb7 {[%clk 0:35:44]} 25. Re1 {[%clk 0:37:19]} Ke7
{[%clk 0:34:48]} 26. a5 {[%clk 0:36:21]} b5 {[%clk 0:34:15]} 27. Be2
{[%clk 0:31:33]} Kd7 {[%clk 0:33:13]} 28. Bf3 {[%clk 0:30:21]} Kc7
{[%clk 0:30:24]} 29. g3 {[%clk 0:27:59]} Bc8 {[%clk 0:28:36]} 30. c4
{[%clk 0:23:23]} bxc4 {[%clk 0:25:41]} 31. Kc3 {[%clk 0:23:35]} Ba6
{[%clk 0:23:45]} 32. Be2 {[%clk 0:22:37]} Kd7 {[%clk 0:23:55]} 33. Bxc4
{[%clk 0:22:34]} Bxc4 {[%clk 0:24:19]} 34. Kxc4 {[%clk 0:22:58]} a6
{[%clk 0:24:39]} 35. Kc5 {[%clk 0:21:25]} Rf8 {[%clk 0:24:52]} 36. Rg1
{[%clk 0:18:46]} g6 {[%clk 0:20:11]} 37. h3 {[%clk 0:16:44]} Rb8 {[%clk 0:20:13]}
38. Kc4 {[%clk 0:16:46]} Rd5 {[%clk 0:17:14]} 39. Rge1 {[%clk 0:14:39]} Rdb5
{[%clk 0:17:11]} 40. Rxb5 {[%clk 0:14:12]} Rxb5 {[%clk 0:17:32]} 41. Rh1
{[%clk 0:13:41]} Kd6 {[%clk 0:16:04]} 42. Re1 {[%clk 0:11:41]} Rb7
{[%clk 0:16:03]} 43. Rg1 {[%clk 0:08:58]} 1/2-1/2

[Event "EYCC 2024 - G16"]
[Site "?"]
[Date "2024.08.31"]
[Round "9.4"]
[White "Sprzeczka, Emilia"]
[Black "Peglau, Charis"]
[Result "0-1"]
[BlackElo "2031"]
[WhiteElo "2149"]
[LiveChessVersion "1.4.8"]

1. e4 {[%clk 1:30:58]} c5 {[%clk 1:30:56]} 2. Nf3 {[%clk 1:31:08]} e6
{[%clk 1:31:05]} 3. c3 {[%clk 1:30:56]} Nc6 {[%clk 1:28:30]} 4. d4
{[%clk 1:28:42]} d5 {[%clk 1:28:20]} 5. e5 {[%clk 1:29:04]} Bd7 {[%clk 1:27:19]}
6. Be2 {[%clk 1:28:41]} Qb6 {[%clk 1:26:40]} 7. O-O {[%clk 1:22:21]} Nh6
{[%clk 1:21:37]} 8. dxc5 {[%clk 1:11:55]} Bxc5 {[%clk 1:20:53]} 9. b4
{[%clk 1:10:11]} Be7 {[%clk 1:19:42]} 10. Bxh6 {[%clk 1:02:57]} gxh6
{[%clk 1:20:10]} 11. Qd2 {[%clk 1:02:50]} Qc7 {[%clk 1:16:31]} 12. Qe3
{[%clk 1:00:46]} Bg5 {[%clk 0:57:06]} 13. Nxg5 {[%clk 0:59:44]} hxg5
{[%clk 0:57:31]} 14. b5 {[%clk 0:54:19]} Nxe5 {[%clk 0:56:24]} 15. Qxg5
{[%clk 0:54:21]} Ng6 {[%clk 0:52:26]} 16. Re1 {[%clk 0:48:19]} Qf4
{[%clk 0:30:40]} 17. Qxf4 {[%clk 0:47:26]} Nxf4 {[%clk 0:31:09]} 18. Bf1
{[%clk 0:47:11]} Rc8 {[%clk 0:31:02]} 19. a4 {[%clk 0:43:23]} O-O
{[%clk 0:29:36]} 20. Ra2 {[%clk 0:34:16]} Rc5 {[%clk 0:25:37]} 21. Rd2
{[%clk 0:33:04]} Rd8 {[%clk 0:17:57]} 22. Rd4 {[%clk 0:31:07]} Ng6
{[%clk 0:17:21]} 23. f4 {[%clk 0:26:21]} Ne7 {[%clk 0:13:27]} 24. g4
{[%clk 0:26:09]} Nc8 {[%clk 0:08:07]} 25. Re3 {[%clk 0:21:55]} Nd6
{[%clk 0:05:27]} 26. Nd2 {[%clk 0:20:35]} f5 {[%clk 0:04:11]} 27. h3
{[%clk 0:20:12]} Ne4 {[%clk 0:01:30]} 28. Nxe4 {[%clk 0:19:18]} fxe4
{[%clk 0:00:54]} 29. Bg2 {[%clk 0:17:15]} Rdc8 {[%clk 0:00:43]} 30. Bxe4
{[%clk 0:16:22]} Rxc3 {[%clk 0:00:54]} 31. Rxc3 {[%clk 0:13:21]} Rxc3
{[%clk 0:01:23]} 32. f5 {[%clk 0:13:44]} Rxh3 {[%clk 0:00:54]} 33. Kg2
{[%clk 0:07:49]} Ra3 {[%clk 0:00:44]} 34. Bd3 {[%clk 0:06:56]} h6
{[%clk 0:00:41]} 35. Kf3 {[%clk 0:05:58]} exf5 {[%clk 0:00:52]} 36. Rxd5
{[%clk 0:05:28]} fxg4+ {[%clk 0:01:13]} 37. Kg2 {[%clk 0:05:34]} Be6
{[%clk 0:01:24]} 38. Rd6 {[%clk 0:04:31]} Kf7 {[%clk 0:01:37]} 39. Rd4
{[%clk 0:03:51]} h5 {[%clk 0:01:46]} 40. Rf4+ {[%clk 0:03:25]} Ke7
{[%clk 0:01:47]} 41. Be2 {[%clk 0:01:52]} Ra2 {[%clk 0:01:20]} 42. Kf1
{[%clk 0:01:49]} Kd6 {[%clk 0:01:35]} 43. Re4 {[%clk 0:01:48]} Bd5
{[%clk 0:01:28]} 44. Rf4 Ke5 {[%clk 0:01:38]} 45. Rf8 {[%clk 0:01:00]} Rxa4
{[%clk 0:01:58]} 46. Rh8 {[%clk 0:01:18]} Bf7 {[%clk 0:01:38]} 47. Kg1
{[%clk 0:01:00]} Kf6 {[%clk 0:01:39]} 48. Rh6+ {[%clk 0:00:39]} Kg5
{[%clk 0:01:45]} 49. Rh7 {[%clk 0:00:36]} Rf4 {[%clk 0:01:20]} 50. Rh8
{[%clk 0:00:37]} Bc4 {[%clk 0:01:17]} 51. Bxc4 {[%clk 0:00:38]} Rxc4
{[%clk 0:01:45]} 52. Rh7 {[%clk 0:00:58]} b6 {[%clk 0:02:00]} 53. Rg7+
{[%clk 0:00:47]} Kh4 {[%clk 0:02:15]} 54. Rxa7 {[%clk 0:00:44]} Rc5
{[%clk 0:02:40]} 0-1

[Event "EYCC 2024 - G16"]
[Site "?"]
[Date "2024.08.31"]
[Round "9.5"]
[White "Slusarczyk, Anna"]
[Black "Tsetskhladze, Mariam"]
[Result "0-1"]
[BlackElo "2040"]
[WhiteElo "1997"]
[LiveChessVersion "1.4.8"]

1. e4 {[%clk 1:30:59]} c5 {[%clk 1:30:51]} 2. Nf3 {[%clk 1:31:23]} Nc6
{[%clk 1:31:11]} 3. Bb5 {[%clk 1:31:48]} g6 {[%clk 1:31:31]} 4. O-O
{[%clk 1:31:30]} Bg7 {[%clk 1:31:54]} 5. c3 {[%clk 1:31:55]} e5 {[%clk 1:31:56]}
6. d4 {[%clk 1:30:53]} exd4 {[%clk 1:32:06]} 7. Bf4 {[%clk 1:24:54]} a6
{[%clk 1:24:54]} 8. Bc4 {[%clk 1:18:08]} d6 {[%clk 1:18:04]} 9. cxd4
{[%clk 0:48:54]} Nxd4 {[%clk 1:05:17]} 10. Nc3 {[%clk 0:42:30]} Ne7
{[%clk 0:59:34]} 11. Bg5 {[%clk 0:22:15]} Qc7 {[%clk 0:55:54]} 12. Re1
{[%clk 0:17:15]} O-O {[%clk 0:45:56]} 13. Nxd4 {[%clk 0:09:36]} cxd4
{[%clk 0:43:40]} 14. Nd5 {[%clk 0:09:48]} Nxd5 {[%clk 0:43:32]} 15. Bxd5
{[%clk 0:10:14]} Bd7 {[%clk 0:39:37]} 16. Qb3 {[%clk 0:06:45]} Bc6
{[%clk 0:39:27]} 17. Rac1 {[%clk 0:07:00]} Qd7 {[%clk 0:34:48]} 18. Qb6
{[%clk 0:05:55]} Rac8 {[%clk 0:32:11]} 19. Bxc6 {[%clk 0:04:09]} Rxc6
{[%clk 0:32:34]} 20. Rxc6 {[%clk 0:04:31]} Qxc6 {[%clk 0:32:38]} 21. Qxc6
{[%clk 0:04:17]} bxc6 {[%clk 0:33:07]} 22. Be7 {[%clk 0:04:38]} Rb8
{[%clk 0:33:09]} 23. b3 {[%clk 0:04:25]} Bf8 {[%clk 0:30:02]} 24. Bf6
{[%clk 0:04:16]} c5 {[%clk 0:29:54]} 25. f4 {[%clk 0:03:43]} Re8 {[%clk 0:26:18]}
26. Kf2 {[%clk 0:03:42]} Be7 {[%clk 0:25:54]} 27. Bxe7 {[%clk 0:03:30]} Rxe7
{[%clk 0:26:24]} 28. Kf3 {[%clk 0:02:12]} f5 {[%clk 0:25:07]} 29. e5
{[%clk 0:02:37]} dxe5 {[%clk 0:24:48]} 30. fxe5 {[%clk 0:02:48]} Kf7
{[%clk 0:25:01]} 31. Kf4 {[%clk 0:02:29]} Ke6 {[%clk 0:25:24]} 32. h4
{[%clk 0:02:05]} Kd5 {[%clk 0:25:31]} 33. h5 {[%clk 0:02:07]} Re6
{[%clk 0:24:03]} 34. hxg6 {[%clk 0:02:05]} hxg6 {[%clk 0:24:32]} 35. Re2
{[%clk 0:01:38]} d3 {[%clk 0:24:20]} 36. Rd2 {[%clk 0:01:02]} Kd4
{[%clk 0:24:46]} 37. Rd1 {[%clk 0:01:27]} g5+ {[%clk 0:20:46]} 38. Kxg5
{[%clk 0:01:43]} Rxe5 {[%clk 0:21:13]} 39. Kf6 {[%clk 0:01:23]} Re2
{[%clk 0:21:29]} 40. Kxf5 {[%clk 0:01:33]} Rxg2 {[%clk 0:21:34]} 0-1

[Event "EYCC 2024 - G16"]
[Site "?"]
[Date "2024.08.31"]
[Round "9.6"]
[White "Westerhof, Fleur"]
[Black "Maria, Lia-Alexandra"]
[Result "0-1"]
[BlackElo "2046"]
[WhiteElo "1986"]
[LiveChessVersion "1.4.8"]

1. e4 {[%clk 1:30:57]} c5 {[%clk 1:30:52]} 2. Nf3 {[%clk 1:31:21]} d6
{[%clk 1:31:16]} 3. d4 {[%clk 1:31:38]} cxd4 {[%clk 1:31:40]} 4. Nxd4
{[%clk 1:31:58]} Nf6 {[%clk 1:32:04]} 5. Nc3 {[%clk 1:32:14]} a6 {[%clk 1:32:27]}
6. Be3 {[%clk 1:32:00]} e6 {[%clk 1:32:51]} 7. Be2 {[%clk 1:30:55]} Nbd7
{[%clk 1:33:15]} 8. O-O {[%clk 1:29:46]} b5 {[%clk 1:32:56]} 9. a3
{[%clk 1:19:57]} Bb7 {[%clk 1:33:20]} 10. f3 {[%clk 1:19:46]} Be7
{[%clk 1:33:32]} 11. Qd2 {[%clk 1:12:42]} Rc8 {[%clk 1:32:38]} 12. a4
{[%clk 1:10:53]} b4 {[%clk 1:32:01]} 13. Na2 {[%clk 1:07:13]} d5 {[%clk 1:30:34]}
14. Nxb4 {[%clk 1:03:42]} a5 {[%clk 1:30:47]} 15. Na2 {[%clk 0:57:29]} dxe4
{[%clk 1:31:04]} 16. Nc3 {[%clk 0:55:29]} exf3 {[%clk 1:30:38]} 17. Bxf3
{[%clk 0:55:18]} Bxf3 {[%clk 1:30:29]} 18. Nxf3 {[%clk 0:55:20]} Bb4
{[%clk 1:29:41]} 19. Bd4 {[%clk 0:49:12]} O-O {[%clk 1:28:39]} 20. Qg5
{[%clk 0:46:02]} Bc5 {[%clk 1:26:19]} 21. Kh1 {[%clk 0:42:56]} Qb6
{[%clk 1:19:17]} 22. Nb5 {[%clk 0:39:10]} Bxd4 {[%clk 1:11:16]} 23. Nfxd4
{[%clk 0:39:09]} Ne4 {[%clk 1:09:51]} 24. Qe3 {[%clk 0:35:07]} f5
{[%clk 1:09:18]} 25. c3 {[%clk 0:29:08]} Rf6 {[%clk 1:03:44]} 26. b4
{[%clk 0:23:37]} Ne5 {[%clk 0:59:46]} 27. bxa5 {[%clk 0:20:37]} Qb8
{[%clk 0:56:33]} 28. Nf3 {[%clk 0:16:52]} Ng4 {[%clk 0:54:53]} 29. Qb6
{[%clk 0:16:15]} Qf4 {[%clk 0:50:49]} 30. Nbd4 {[%clk 0:14:01]} Ng3+
{[%clk 0:48:51]} 31. hxg3 {[%clk 0:13:59]} Rh6+ {[%clk 0:49:15]} 32. Nh4
{[%clk 0:13:56]} Rxh4+ {[%clk 0:49:40]} 33. gxh4 {[%clk 0:14:17]} Qh2#
{[%clk 0:50:06]} 0-1

[Event "EYCC 2024 - G16"]
[Site "?"]
[Date "2024.08.31"]
[Round "9.7"]
[White "Moscovitch, Michal"]
[Black "Kirtadze, Anastasia"]
[Result "1/2-1/2"]
[BlackElo "2029"]
[WhiteElo "1618"]
[LiveChessVersion "1.4.8"]

1. e4 {[%clk 1:30:59]} c5 {[%clk 1:30:56]} 2. c3 {[%clk 1:31:24]} d5
{[%clk 1:31:13]} 3. exd5 {[%clk 1:31:48]} Qxd5 {[%clk 1:31:37]} 4. d4
{[%clk 1:32:12]} Nf6 {[%clk 1:30:10]} 5. Nf3 {[%clk 1:32:34]} e6 {[%clk 1:29:29]}
6. Na3 {[%clk 1:32:41]} Nc6 {[%clk 1:27:46]} 7. Be3 {[%clk 1:27:23]} cxd4
{[%clk 1:27:03]} 8. Nb5 {[%clk 1:27:28]} Qd7 {[%clk 1:26:35]} 9. Nbxd4
{[%clk 1:24:30]} a6 {[%clk 1:26:40]} 10. Be2 {[%clk 1:21:36]} Be7
{[%clk 1:24:40]} 11. O-O {[%clk 1:21:50]} O-O {[%clk 1:24:12]} 12. Qc2
{[%clk 1:17:12]} Nd5 {[%clk 1:21:08]} 13. Rad1 {[%clk 1:14:48]} Nxe3
{[%clk 1:18:00]} 14. fxe3 {[%clk 1:14:57]} Qc7 {[%clk 1:17:46]} 15. Nxc6
{[%clk 1:07:44]} bxc6 {[%clk 1:13:22]} 16. Nd4 {[%clk 1:01:49]} Bd7
{[%clk 1:04:26]} 17. Bf3 {[%clk 1:00:26]} Rad8 {[%clk 1:01:13]} 18. Kh1
{[%clk 0:56:13]} e5 {[%clk 0:55:04]} 19. Nf5 {[%clk 0:55:38]} Bc5
{[%clk 0:54:08]} 20. e4 {[%clk 0:54:24]} g6 {[%clk 0:52:39]} 21. Ng3
{[%clk 0:52:27]} Be6 {[%clk 0:50:39]} 22. b3 {[%clk 0:49:17]} a5 {[%clk 0:48:49]}
23. Be2 {[%clk 0:45:35]} Qe7 {[%clk 0:43:57]} 24. Bd3 {[%clk 0:42:27]} Qh4
{[%clk 0:38:58]} 25. Rb1 {[%clk 0:34:17]} Be3 {[%clk 0:36:19]} 26. Rfd1
{[%clk 0:33:20]} Bf4 {[%clk 0:35:24]} 27. Nf1 {[%clk 0:33:17]} Qh6
{[%clk 0:33:16]} 28. b4 {[%clk 0:32:01]} axb4 {[%clk 0:29:52]} 29. cxb4
{[%clk 0:31:57]} Rd4 {[%clk 0:28:58]} 30. a4 {[%clk 0:30:56]} Rfd8
{[%clk 0:22:58]} 31. Be2 {[%clk 0:25:54]} Qf8 {[%clk 0:14:35]} 32. b5
{[%clk 0:19:00]} cxb5 {[%clk 0:14:24]} 33. Rxd4 {[%clk 0:17:43]} exd4
{[%clk 0:14:13]} 34. axb5 {[%clk 0:17:19]} Qd6 {[%clk 0:10:04]} 35. Bd3
{[%clk 0:15:51]} Rc8 {[%clk 0:09:37]} 36. Qe2 {[%clk 0:14:53]} Qb6
{[%clk 0:08:44]} 37. Ra1 {[%clk 0:12:13]} Rc3 {[%clk 0:08:16]} 38. h3
{[%clk 0:09:52]} Qc5 {[%clk 0:06:42]} 39. Rb1 {[%clk 0:08:28]} Qa3
{[%clk 0:06:35]} 40. Rd1 {[%clk 0:07:35]} Be5 {[%clk 0:04:25]} 41. Nh2
{[%clk 0:06:03]} Bb3 {[%clk 0:03:34]} 42. Rf1 {[%clk 0:04:43]} Ba2
{[%clk 0:01:43]} 43. Rd1 {[%clk 0:03:31]} Kg7 {[%clk 0:00:47]} 44. Nf3
{[%clk 0:03:05]} f6 {[%clk 0:01:03]} 45. Nxe5 {[%clk 0:02:35]} fxe5
{[%clk 0:01:33]} 46. Qf1 {[%clk 0:00:43]} Qb4 {[%clk 0:00:41]} 47. Ra1
{[%clk 0:00:36]} Qb2 {[%clk 0:00:37]} 48. Rd1 {[%clk 0:00:35]} Qb3
{[%clk 0:00:34]} 49. Kh2 {[%clk 0:00:35]} Rc7 {[%clk 0:00:43]} 50. Qe2
{[%clk 0:00:39]} Qf7 {[%clk 0:00:41]} 51. Rf1 {[%clk 0:00:46]} Qe6
{[%clk 0:00:56]} 52. Ra1 {[%clk 0:00:48]} Bb3 {[%clk 0:00:34]} 53. Rb1
{[%clk 0:00:56]} Qf7 {[%clk 0:00:42]} 54. Rf1 {[%clk 0:01:01]} Qe7
{[%clk 0:00:57]} 55. Ra1 {[%clk 0:00:33]} Rb7 {[%clk 0:00:34]} 56. Rb1
{[%clk 0:00:41]} Qf7 {[%clk 0:00:33]} 57. Rf1 {[%clk 0:00:56]} Qe6
{[%clk 0:00:40]} 58. Ra1 {[%clk 0:01:00]} Qf7 {[%clk 0:00:41]} 59. Rf1
{[%clk 0:01:24]} Qe6 {[%clk 0:00:51]} 60. Ra1 {[%clk 0:01:51]} Qf7
{[%clk 0:00:39]} 61. Rf1 {[%clk 0:02:17]} Qe6 {[%clk 0:00:42]} 62. Ra1
{[%clk 0:02:42]} Qf6 {[%clk 0:00:43]} 63. Rf1 {[%clk 0:02:59]} 1/2-1/2

[Event "EYCC 2024 - G16"]
[Site "?"]
[Date "2024.08.31"]
[Round "9.8"]
[White "Ingel, Mica Bar"]
[Black "Sekova, Olivia"]
[Result "1-0"]
[BlackElo "2073"]
[WhiteElo "1911"]
[LiveChessVersion "1.4.8"]

1. e4 {[%clk 1:30:57]} c5 {[%clk 1:30:52]} 2. Nf3 {[%clk 1:31:21]} d6
{[%clk 1:31:16]} 3. d4 {[%clk 1:31:44]} cxd4 {[%clk 1:31:40]} 4. Nxd4
{[%clk 1:32:06]} Nf6 {[%clk 1:32:01]} 5. Nc3 {[%clk 1:32:25]} Nc6
{[%clk 1:32:20]} 6. Bg5 {[%clk 1:32:30]} e6 {[%clk 1:32:40]} 7. Qd3
{[%clk 1:32:36]} Bd7 {[%clk 1:32:47]} 8. O-O-O {[%clk 1:31:57]} a6
{[%clk 1:32:41]} 9. f4 {[%clk 1:30:22]} Be7 {[%clk 1:28:42]} 10. Be2
{[%clk 1:27:38]} b5 {[%clk 1:25:40]} 11. Bf3 {[%clk 1:24:28]} Rc8
{[%clk 1:21:56]} 12. e5 {[%clk 1:13:48]} Nxd4 {[%clk 1:06:10]} 13. Qxd4
{[%clk 1:12:42]} dxe5 {[%clk 1:01:51]} 14. fxe5 {[%clk 1:12:55]} Nd5
{[%clk 0:52:56]} 15. Bxe7 {[%clk 1:12:28]} Nxe7 {[%clk 0:53:11]} 16. Ne4
{[%clk 1:11:26]} Nf5 {[%clk 0:53:07]} 17. Qd2 {[%clk 1:09:18]} h5
{[%clk 0:49:25]} 18. h3 {[%clk 1:08:52]} h4 {[%clk 0:45:59]} 19. Bg4
{[%clk 1:05:37]} Rc7 {[%clk 0:43:03]} 20. Bxf5 {[%clk 1:05:13]} exf5
{[%clk 0:43:27]} 21. Nd6+ {[%clk 1:05:27]} Kf8 {[%clk 0:42:39]} 22. Nxf5
{[%clk 1:04:48]} Rh5 {[%clk 0:39:44]} 23. Qd6+ {[%clk 1:03:53]} Kg8
{[%clk 0:40:01]} 24. Ne7+ {[%clk 1:03:53]} Kh8 {[%clk 0:40:01]} 25. e6
{[%clk 0:50:56]} fxe6 {[%clk 0:37:48]} 26. Rhf1 {[%clk 0:51:02]} Kh7
{[%clk 0:33:41]} 27. Qd3+ {[%clk 0:51:27]} Kh8 {[%clk 0:32:46]} 28. Ng6+
{[%clk 0:51:52]} Kg8 {[%clk 0:33:12]} 29. Rf8+ {[%clk 0:52:01]} Qxf8
{[%clk 0:33:38]} 30. Nxf8 {[%clk 0:52:23]} Rhc5 {[%clk 0:33:43]} 31. Nxd7
{[%clk 0:52:23]} Rd5 {[%clk 0:34:05]} 32. Qxd5 {[%clk 0:51:55]} 1-0

[Event "EYCC 2024 - G16"]
[Site "?"]
[Date "2024.08.31"]
[Round "9.9"]
[White "Abdinova, Narmin"]
[Black "Karacsonyi, Luca"]
[Result "1-0"]
[BlackElo "1914"]
[WhiteElo "2244"]
[LiveChessVersion "1.4.8"]

1. d4 {[%clk 1:30:55]} d5 {[%clk 1:30:54]} 2. c4 {[%clk 1:31:17]} dxc4
{[%clk 1:31:17]} 3. e4 {[%clk 1:31:37]} e5 {[%clk 1:31:36]} 4. Nf3
{[%clk 1:31:03]} Bb4+ {[%clk 1:31:26]} 5. Bd2 {[%clk 1:29:26]} Bxd2+
{[%clk 1:30:46]} 6. Qxd2 {[%clk 1:29:54]} exd4 {[%clk 1:30:37]} 7. Qxd4
{[%clk 1:21:53]} Nf6 {[%clk 1:27:13]} 8. Qxd8+ {[%clk 1:20:41]} Kxd8
{[%clk 1:26:39]} 9. Nc3 {[%clk 1:21:08]} Be6 {[%clk 1:26:07]} 10. Nd4
{[%clk 1:17:41]} Ke7 {[%clk 1:22:58]} 11. Nxe6 {[%clk 1:15:45]} fxe6
{[%clk 1:22:43]} 12. Bxc4 {[%clk 1:14:31]} Nbd7 {[%clk 1:17:39]} 13. f3
{[%clk 1:13:56]} Ne5 {[%clk 1:15:57]} 14. Be2 {[%clk 1:13:32]} Rad8
{[%clk 1:14:21]} 15. Rd1 {[%clk 1:06:30]} Rxd1+ {[%clk 1:07:53]} 16. Kxd1
{[%clk 1:06:58]} Rd8+ {[%clk 1:05:47]} 17. Kc1 {[%clk 1:03:56]} Nd3+
{[%clk 0:56:52]} 18. Kc2 {[%clk 1:02:53]} Nf4 {[%clk 0:50:59]} 19. g3
{[%clk 1:03:15]} Nxe2 {[%clk 0:48:44]} 20. Nxe2 {[%clk 1:03:44]} e5
{[%clk 0:46:47]} 21. b4 {[%clk 1:00:47]} Rd6 {[%clk 0:32:43]} 22. Nc1
{[%clk 0:59:19]} Nd7 {[%clk 0:24:19]} 23. Nd3 {[%clk 0:59:26]} Rd4
{[%clk 0:19:26]} 24. Kc3 {[%clk 0:58:50]} Rd6 {[%clk 0:16:36]} 25. a4
{[%clk 0:56:17]} g5 {[%clk 0:15:29]} 26. b5 {[%clk 0:46:12]} Rf6 {[%clk 0:14:13]}
27. Rf1 {[%clk 0:44:06]} Kd6 {[%clk 0:13:35]} 28. Kb4 {[%clk 0:42:51]} b6
{[%clk 0:12:32]} 29. Rf2 {[%clk 0:35:00]} h5 {[%clk 0:11:13]} 30. Kc4
{[%clk 0:34:57]} Rf8 {[%clk 0:10:12]} 31. Rf1 {[%clk 0:31:29]} Rf7
{[%clk 0:09:17]} 32. Nb4 {[%clk 0:31:08]} Rf8 {[%clk 0:05:24]} 33. Nc6
{[%clk 0:18:10]} Ke6 {[%clk 0:05:16]} 34. a5 {[%clk 0:17:34]} Nc5
{[%clk 0:03:57]} 35. a6 {[%clk 0:17:34]} Nxe4 {[%clk 0:03:40]} 36. Kb4
{[%clk 0:17:31]} Nd2 {[%clk 0:02:14]} 37. Rf2 {[%clk 0:14:43]} Nxf3
{[%clk 0:01:26]} 38. Nxa7 {[%clk 0:15:07]} e4 {[%clk 0:01:25]} 39. Nc6
{[%clk 0:15:32]} Kd5 {[%clk 0:01:13]} 40. a7 {[%clk 0:14:17]} Ra8 41. Rf1
{[%clk 0:08:37]} Nd2 {[%clk 0:01:13]} 42. Rf8 {[%clk 0:06:34]} Rxa7
{[%clk 0:01:11]} 43. Rd8+ {[%clk 0:07:02]} Ke6 {[%clk 0:01:30]} 44. Nxa7
{[%clk 0:07:25]} 1-0